000 00503nam a22001937a 4500
003 MPLRDC
005 20220104114455.0
008 210129b ||||| |||| 00| 0 eng d
020 _a957-8753-66-7
082 _a856.9 LW
100 _a罗维、王旦一
245 _a中国古代说客的智慧
_c
250 _a初版一刷
260 _a
_b汉湘文化事业股份有限
_c1994
300 _b
490 _a中国古代智慧. 5
650 _a函牍及杂著--杂项
942 _cBK
_o856.9 LW
999 _c7760
_d7750